Strength and elasticity of materials and theory of structures. (Record no. 545025)
[ view plain ]
| 000 -LEADER | |
|---|---|
| fixed length control field | 00871cam a22001691 4500 |
| 082 ## - DEWEY DECIMAL CLASSIFICATION NUMBER | |
| Classification number | 620.110232 |
| Author Mark | BRO |
| -- | L-21, P-26 |
| 100 1# - MAIN ENTRY--PERSONAL NAME | |
| Personal name | Brooks, Walter Henry. |
| 9 (RLIN) | 40718 |
| 245 10 - TITLE STATEMENT | |
| Title | Strength and elasticity of materials and theory of structures. |
| Remainder of title | Solutions to examination questions of the University of London. |
| 260 ## - PUBLICATION, DISTRIBUTION, ETC. | |
| Place of publication, distribution, etc. | London, |
| Name of publisher, distributor, etc. | Macdonald |
| Date of publication, distribution, etc. | [1950-56] |
| 300 ## - PHYSICAL DESCRIPTION | |
| Extent | 4 v. |
| Other physical details | diagrs. |
| Dimensions | 22 cm. |
| 500 ## - GENERAL NOTE | |
| General note | Vols. 3-4 have title: Strength and elasticity of materials. |
| 505 0# - FORMATTED CONTENTS NOTE | |
| Formatted contents note | v. 1. pt. 1. (Internal) B. SC. (Engineering) 1938-48.--v. 2. pt. 1. (External) B. SC. (Engineering) 1937-50.--v. 3. pt. 2. (Internal) B. SC. (Engineering) Papers I and II, 1940-1950.--v. 4. pt. 2. (External) B. SC. (Engineering) 1941-1952. |
| 526 ## - STUDY PROGRAM INFORMATION NOTE | |
| Program name | 0 |
| Interest level | 0 |
| Reading level | 0 |
| Title point value | 620_110232000000000_BRO |
| 650 #0 - SUBJECT ADDED ENTRY--TOPICAL TERM | |
| Topical term or geographic name entry element | Engineering |
| General subdivision | Examinations, questions, etc. |
| 9 (RLIN) | 40719 |
| 650 #0 - SUBJECT ADDED ENTRY--TOPICAL TERM | |
| Topical term or geographic name entry element | MCE |
| 9 (RLIN) | 379 |
| 942 ## - ADDED ENTRY ELEMENTS (KOHA) | |
| Source of classification or shelving scheme | |
| Koha item type | Book |
| Withdrawn status | Lost status | Source of classification or shelving scheme | Damaged status | Not for loan | Permanent Location | Current Location | Date acquired | Total Checkouts | Full call number | Barcode | Date last seen | Price effective from | Koha item type |
|---|---|---|---|---|---|---|---|---|---|---|---|---|---|
| Military College of Engineering (MCE) | Military College of Engineering (MCE) | 05/15/2014 | 620.110232 BRO | MCE-1154 | 05/15/2014 | 05/15/2014 | Book |
